000 00867nam a22002897a 4500
003 BD-DhJNU
005 20250908053936.0
008 250908b |||||||| |||| 00| 0 eng d
020 _a0021480400
020 _a0021498407
040 _aBD-DhJNU
_bENG
_cBD-DhJNU
_dBD-DhJNU
082 _223
_a973 UNI
100 _aJarolimek, John
245 _a The United States and the other Americas /
_cJohn Jarolimek ...[et al.].
260 _aNew York :
_bMacmillan,
_c1982.
300 _axxiv, 480p., 129p. :
_bill. ;
_c24 cm.
490 _aMacmillan social studies
504 _aIncludes bibliographical references and index
650 _aAmerica
650 _aUnited States
650 _aUnited States Juvenile literature
650 _aJuvenile works
700 _aKing, Allen Y.
700 _aDennis, Ida
700 _aPotter, Florence
942 _2ddc
_cBK
_n0
999 _c2090
_d2090